000 00644cam a22002053a 4500
001 44895
003 PGUSA
005 20140828084026.0
008 140213s2014||||xxu|||||s|||||000 | eng d
040 _aPGUSA
_beng
042 _adc
100 1 _aPenn, William,
_d1644-1718
245 1 0 _aNo Cross, No Crown :
_ba discourse, shewing the nature and discipline of the Holy Cross of Christ
_h[electronic resource] /
_cWilliam Penn
260 _bProject Gutenberg,
_c2014
506 _aPublic domain in the USA.
516 _aElectronic text
830 0 _aProject Gutenberg
_v44895
856 4 0 _uhttp://www.gutenberg.org/ebooks/44895
942 _cEB
999 _c274146
_d274146